| 000 | 02328nam0a2200433 4500 | ||
|---|---|---|---|
| 001 | RU\NLR\bibl\338791 | ||
| 005 | 20260405164448.0 | ||
| 010 |
_a5-89368-321-8 _9150 |
||
| 021 |
_aRU _b2002-39786 _91937 |
||
| 035 | _a(NLR Aleph) 000333677 | ||
| 090 |
_a172747 _c172747 |
||
| 100 | _a20021104d2002 |||y0rusy50 ca | ||
| 101 | 0 | _arus | |
| 102 | _aRU | ||
| 105 | _aa ||||||||| | ||
| 200 | 1 |
_aМетоды и средства защиты информации _eКурс лекций _fР. И. Макаров _gМ-во образования Рос. Федерации, Владимир. гос. ун-т |
|
| 210 |
_aВладимир _cВлГУ _d2002 |
||
| 215 |
_a133,[1] с. _cил. _d20 |
||
| 313 | _aАСОД | ||
| 606 | 0 |
_aИнформация _jРуководства, пособия и т.п. _xЗащита _xПравовые вопросы _yРоссийская Федерация _92093693 _3RU\NLR\auth\661267005 |
|
| 606 | 0 |
_aИнформация _jУчебные издания для высшей школы _xЗащита _xПравовые вопросы _yРоссийская Федерация _92093693 _3RU\NLR\auth\661267005 |
|
| 606 | 0 |
_aАвтоматизированные системы обработки информации _jРуководства, пособия и т.п. для высшей школы _xЗащита информации _92271406 _3RU\NLR\auth\661361384 |
|
| 606 | 0 |
_aАвтоматизированные системы обработки информации _jУчебные издания для высшей школы _xЗащита информации _92271406 _3RU\NLR\auth\661361384 |
|
| 610 | 0 | _aИнформационная безопасность | |
| 610 | 0 | _aВычислительные сети - Обеспечение сохранности данных | |
| 675 |
_a004.239(042.3) _v3 _zrus |
||
| 686 |
_a50 _2rugasnti |
||
| 686 |
_a32.973.202я73 _2rubbk |
||
| 686 | _aХ62ф.я73 | ||
| 686 | _aЗ973.233-018-07я73-2 | ||
| 700 | 1 |
_4070 _8rus _7ca _aМакаров _bР. И. _cд-р техн. наук _f1938- _gРуслан Ильич _3RU\NLR\AUTH\7770425 _953353 |
|
| 801 | 0 |
_aRU _bRKP _c20021104 _gPSBO |
|
| 801 | 1 |
_aRU _bRKP _c20021104 |
|
| 801 | 2 |
_aRU _bNLR _c20081112 _grcr |
|
| 942 | _cBOOK | ||
| 980 | _aNB | ||
| 980 | _aNBR | ||